LEADER 01255nam a2200289 a 4500 001 000000172899 003 CaOOAMICUS 005 20191209165038.0 008 191209t2002 it u000 u ita r 020 $a978-88-215-7354-5* 032 $aLibriCat 040 $aPUL$bita$d 082 04$a232.7 100 1 $aRavasi, Gianfranco,$ccard.,$d1942-$0(OLS)http://pul/name/17144 245 10$aFino a quando, Signore?$bun itinerario nel mistero della sofferenza e del male /$cGianfranco Ravasi. 260 $aCinisello Balsamo :$bSan Paolo,$cİ2002. 300 $a265 p. ;$c21 cm 650 4$aSofferenza$xAspetti spirituali.$0(OLS)http://pul/subject/38135 650 4$aMale (teologia).$0(OLS)http://pul/subject/34879 850 $aPUL 852 $aPUL$W1$xSL Religione 3$y85$m233. 7 RAVGI 1$j196883$qDDC 21$B201643$CPULBib$Z2$F201643 $H133796 $82 941 1 $a9 996 $6020$a978-88-215-7354-5*$9(OLS)http://pul/number/166915 996 $6082$a232.7$9(OLS)http://pul/classification/3255 996 $6245$aFino a quando, Signore?$bun itinerario nel mistero della sofferenza e del male$9(OLS)http://pul/title/213932 996 $6260$aCinisello Balsamo :$bSan Paolo$9(OLS)http://pul/publisher/54577 LEADER 01227nam a2200253 u 4500 001 000000108682 003 CaOOAMICUS 005 20071205133124.0 008 071205s1997 it u000 u ita u 020 $a88-7105-070-3 040 $aPUL$bita$dLDB 100 1 $aFumagalli, Aristide,$d1962-$0(OLS)http://pul/name/41540 245 13$aIl peso delle azioni :$bagire morale e opzione fondamentale secondo L'action (1893) di M. Blondel /$cAristide Fumagalli. 260 $aRoma :$bPontificio Seminario Lombardo ;$aMilano :$bGlossa,$c1997. 300 $axiii, 373 p. ;$c24 cm. 504 $aBibliografia: p. 349-373. 600 14$aBlondel, Maurice,$d1861-1949.$0(OLS)http://pul/subject/7908 850 $aPUL 852 $aPUL$W1$xSL Diritto Canonico 1$y5$m148 I 17$j123920$qStampati$B122830$CPULBib$Z2$F122830 $H105898 $82 941 1 $a8 996 $6020$a88-7105-070-3$9(OLS)http://pul/number/136486 996 $6245$aIl peso delle azioni :$bagire morale e opzione fondamentale secondo L'action (1893) di M. Blondel$9(OLS)http://pul/title/81382 996 $6260$aRoma :$bPontificio Seminario Lombardo$9(OLS)http://pul/publisher/75656 996 $6260$aMilano :$bGlossa$9(OLS)http://pul/publisher/53656